Rosa y el experimento del gran pizza = (Record no. 28250)

MARC details
000 -LEADER
fixed length control field 02287cam a2200517 i 4500
001 - CONTROL NUMBER
control field sjds1255217575
003 - CONTROL NUMBER IDENTIFIER
control field sjds
005 - DATE AND TIME OF LATEST TRANSACTION
control field 20230629182041.0
008 - FIXED-LENGTH DATA ELEMENTS--GENERAL INFORMATION
fixed length control field 210605s2021 enka j 000 1 spa d
020 ## - INTERNATIONAL STANDARD BOOK NUMBER
International Standard Book Number 1786286378
020 ## - INTERNATIONAL STANDARD BOOK NUMBER
International Standard Book Number 9781786286376
040 ## - CATALOGING SOURCE
Original cataloging agency YDX
Language of cataloging eng
Description conventions rda
Transcribing agency YDX
Modifying agency BDX
-- GZD
-- OCLCO
-- OQX
-- OCLCF
-- OCLCO
-- UAH
-- UtOrBLW
041 1# - LANGUAGE CODE
Language code of text/sound track or separate title spa
Language code of original eng
092 ## - LOCALLY ASSIGNED DEWEY CALL NUMBER (OCLC)
Classification number 923.92 SPA
100 1# - MAIN ENTRY--PERSONAL NAME
Personal name Spanyol, Jessica,
Relator term author,
-- illustrator.
245 10 - TITLE STATEMENT
Title Rosa y el experimento del gran pizza =
Remainder of title Rosa's big pizza experiment
Medium [Spanish]/
Statement of responsibility, etc. Jessica Spanyol ; [traduccion de Yanitzia Canetti].
246 31 - VARYING FORM OF TITLE
Title proper/short title Rosa's big pizza experiment.
260 ## - PUBLICATION, DISTRIBUTION, ETC. (IMPRINT)
Place of publication, distribution, etc. Swindon, UK :
Name of publisher, distributor, etc. Child's Play (International) Ltd,
Date of publication, distribution, etc. c2021.
264 #1 - PRODUCTION, PUBLICATION, DISTRIBUTION, MANUFACTURE, AND COPYRIGHT NOTICE
Place of production, publication, distribution, manufacture Swindon, UK :
Name of producer, publisher, distributor, manufacturer Child's Play (International) Ltd,
Date of production, publication, distribution, manufacture, or copyright notice [2021]
264 #4 - PRODUCTION, PUBLICATION, DISTRIBUTION, MANUFACTURE, AND COPYRIGHT NOTICE
Date of production, publication, distribution, manufacture, or copyright notice c2021.
300 ## - PHYSICAL DESCRIPTION
Extent 1 volume (unpaged) :
Other physical details color illustrations ;
Dimensions 21 cm.
336 ## - CONTENT TYPE
Content type term text
Content type code txt
Source rdacontent.
336 ## - CONTENT TYPE
Content type term still image
Content type code sti
Source rdacontent.
337 ## - MEDIA TYPE
Media type term unmediated
Media type code n
Source rdamedia.
338 ## - CARRIER TYPE
Carrier type term volume
Carrier type code nc
Source rdacarrier.
490 1# - SERIES STATEMENT
Series statement Rosa's workshop.
500 ## - GENERAL NOTE
General note "STEM"--Cover.
520 ## - SUMMARY, ETC.
Summary, etc. ℗ŁRosa y sus amigos regresan por m©Łs diversi©đn haciendo expermentos b©Łsicos que abarcan ciencia, tecnolog©Ưa, ingenier©Ưa y habilidades num©♭ricas!--
Assigning source Page 4 of cover.
520 ## - SUMMARY, ETC.
Summary, etc. "Rosa and her friends return for more fun, conducting basic experiments involving science, technology, engineering and number skills!"--
Assigning source Page 4 of cover.
546 ## - LANGUAGE NOTE
Language note En espa©łol y en ingl©♭d = In Spanish and English.
650 #0 - SUBJECT ADDED ENTRY--TOPICAL TERM
Topical term or geographic name as entry element Pizza
Form subdivision Juvenile fiction.
650 #0 - SUBJECT ADDED ENTRY--TOPICAL TERM
Topical term or geographic name as entry element Cooking
General subdivision Experiments
Form subdivision Juvenile fiction.
650 #0 - SUBJECT ADDED ENTRY--TOPICAL TERM
Topical term or geographic name as entry element Cooking
Form subdivision Juvenile fiction.
650 #0 - SUBJECT ADDED ENTRY--TOPICAL TERM
Topical term or geographic name as entry element Friendship
Form subdivision Juvenile fiction.
650 #0 - SUBJECT ADDED ENTRY--TOPICAL TERM
Topical term or geographic name as entry element Bilingual books.
650 #7 - SUBJECT ADDED ENTRY--TOPICAL TERM
Topical term or geographic name as entry element Bilingual books.
Source of heading or term fast
Authority record control number (OCoLC)fst00831734.
650 #7 - SUBJECT ADDED ENTRY--TOPICAL TERM
Topical term or geographic name as entry element Cooking.
Source of heading or term fast
Authority record control number (OCoLC)fst01754966.
650 #7 - SUBJECT ADDED ENTRY--TOPICAL TERM
Topical term or geographic name as entry element Friendship.
Source of heading or term fast
Authority record control number (OCoLC)fst00935174.
650 #7 - SUBJECT ADDED ENTRY--TOPICAL TERM
Topical term or geographic name as entry element Pizza.
Source of heading or term fast
Authority record control number (OCoLC)fst01064969.
650 #7 - SUBJECT ADDED ENTRY--TOPICAL TERM
Topical term or geographic name as entry element Friendships
Form subdivision Juvenile fiction.
Source of heading or term homoit.
655 #0 - INDEX TERM--GENRE/FORM
Genre/form data or focus term Spanish language materials
General subdivision Bilingual.
655 #7 - INDEX TERM--GENRE/FORM
Genre/form data or focus term Juvenile works.
Source of term fast
Authority record control number (OCoLC)fst01411637.
700 1# - ADDED ENTRY--PERSONAL NAME
Personal name Canetti, Yanitzia,
Dates associated with a name 1967-
Relator term translator.
800 1# - SERIES ADDED ENTRY--PERSONAL NAME
Personal name Spanyol, Jessica.
Title of a work Rosa's workshop.
Language of a work Spanish.
942 ## - ADDED ENTRY ELEMENTS (KOHA)
Koha item type Libro/Book
Source of classification or shelving scheme Dewey Decimal Classification
Holdings
Withdrawn status Lost status Damaged status Not for loan Home library Current library Date acquired Inventory number Total Checkouts Total Renewals Full call number Barcode Date last seen Date checked out Price effective from Koha item type
        San Juan Del Sur -- Mobile San Juan Del Sur -- Mobile 11/10/2021 Inventory date: 10-2-25 5 2 JI 30010109 04/09/2024 31/07/2024 11/10/2021 Libro/Book

Powered by Koha